More skills for construction sector (Record no. 78624)
[ view plain ]
| 000 -LEADER | |
|---|---|
| fixed length control field | 01272cab a22002295a 4500 |
| 001 - CONTROL NUMBER | |
| control field | L137478 |
| 008 - FIXED-LENGTH DATA ELEMENTS--GENERAL INFORMATION | |
| fixed length control field | 070410e20070327xxk 000 0 eng d |
| 035 ## - SYSTEM CONTROL NUMBER | |
| System control number | (Sirsi) u137478 |
| 041 0# - LANGUAGE CODE | |
| Language code of text/sound track or separate title | eng |
| 110 2# - MAIN ENTRY--CORPORATE NAME | |
| Corporate name or jurisdiction name as entry element | CITB-ConstructionSkills |
| 9 (RLIN) | 4992 |
| 245 00 - TITLE STATEMENT | |
| Title | More skills for construction sector |
| Medium | [electronic resource] |
| 260 ## - PUBLICATION, DISTRIBUTION, ETC. | |
| Date of publication, distribution, etc. | 2007 |
| 490 ## - SERIES STATEMENT | |
| Series statement | CITB-ConstructionSkills Press Release |
| Volume/sequential designation | 27 March 2007 |
| 520 ## - SUMMARY, ETC. | |
| Summary, etc. | Announces that 3 954 places on the new Construction and the Built Environment Diploma will be available for 14 to 19 year olds, from September 2008. The diploma has been developed with some of the construction industry's leading employers including AMEC and Mitie, and will combine practical skill development with theoretical and technical knowledge. So far, 44 groups of schools, colleges, training providers and employers are set to offer places on the Construction and the Built Environment Diploma course. |
| 590 ## - LOCAL NOTE (RLIN) | |
| Local note | KA NTK |
| 650 24 - SUBJECT ADDED ENTRY--TOPICAL TERM | |
| Topical term or geographic name entry element | CONSTRUCTION AND THE BUILT ENVIRONMENT DIPLOMA |
| 651 #4 - SUBJECT ADDED ENTRY--GEOGRAPHIC NAME | |
| Geographic name | United Kingdom |
| Chronological subdivision | |
| 690 ## - LOCAL SUBJECT ADDED ENTRY--TOPICAL TERM (OCLC, RLIN) | |
| Topical term or geographic name as entry element | BUILT ENVIRONMENT |
| 690 ## - LOCAL SUBJECT ADDED ENTRY--TOPICAL TERM (OCLC, RLIN) | |
| Topical term or geographic name as entry element | CAREERS, EDUCATION AND TRAINING |
| 856 40 - ELECTRONIC LOCATION AND ACCESS | |
| Uniform Resource Identifier | <a href="https://www.citb-constructionskills.co.uk/news/">https://www.citb-constructionskills.co.uk/news/</a> |
| Public note | View the item free of charge at www.citb-constructionskills.co.uk... |
| 942 ## - ADDED ENTRY ELEMENTS (KOHA) | |
| Suppress in OPAC | 0 |
| Withdrawn status | Lost status | Source of classification or shelving scheme | Damaged status | Not for loan | Home library | Current library | Shelving location | Date acquired | Total Checkouts | Full call number | Barcode | Date last seen | Copy number | Price effective from | Koha item type |
|---|---|---|---|---|---|---|---|---|---|---|---|---|---|---|---|
| Dewey Decimal Classification | Virtual | Virtual | Online | 10/04/2007 | ONLINE PUBLICATION | 137478-2001 | 06/08/2019 | 1 | 06/08/2019 | Journal article |